[Event "It"]
[Site "masterchessopen.com Mar del Plata (Argentina)"]
[Round "2"]
[White "Letelier Rene (CHI)"]
[Black "Ader Walter (CHI)"]
[Result "0-1"]
[WhiteElo "2151"]
[BlackElo "2270"]

1.d4 Nf6 2.c4 e6 3.Nc3 Bb4 4.e3 b6 5.Bd3 Bb7 6.Ne2 Bxg2 7.Rg1 Be4 8.Ng3 Bg6
9.e4 c5 10.d5 b5 11.dxe6 dxe6 12.cxb5 Nbd7 13.f4 c4 14.Bc2 Qb6 15.Kf1 Nc5
16.f5 O-O 17.fxg6 fxg6 18.Kg2 h5 19.Qe2 h4 20.Nf1 Qb7 21.Nd2 Rad8 22.Qxc4 Ng4
23.Nf3 Rxf3 24.Nd1 h3+ 25.Kh1 Qf7 {#R} 0-1

[Event "Olympiad (sf)"]
[Site "masterchessopen.com Moscow (Russia)"]
[Date "1956.09.05"]
[Round "5"]
[White "Barda Yngvar (NOR)"]
[Black "Keres Paul P (URS)"]
[Result "0-1"]
[WhiteElo "2280"]
[BlackElo "2580"]

1.d4 Nf6 2.c4 e6 3.Nc3 Bb4 4.e3 b6 5.Bd3 Bb7 6.f3 c5 7.Ne2 cxd4 8.exd4 Nc6
9.Be3 d5 10.O-O dxc4 11.Bxc4 O-O 12.Qd3 Qe7 13.a3 Bxc3 14.Nxc3 Rfd8 15.Rad1
Rac8 16.Rfe1 Ne5 17.dxe5 Rxd3 18.exf6 Rxd1 19.fxe7 Rxe1+ 20.Kf2 Rxe3 21.Kxe3
Re8 {#R} 0-1

[Event "Olympiad"]
[Site "masterchessopen.com Munich (Germany)"]
[Round "9"]
[White "Uhlmann Wolfgang (GER)"]
[Black "Botvinnik Mikhail M (RUS)"]
[Result "0-1"]
[WhiteElo "2379"]
[BlackElo "2630"]

1.d4 e6 2.c4 Nf6 3.Nc3 Bb4 4.e3 b6 5.Bd3 Bb7 6.Nf3 Ne4 7.O-O f5 ( 7...Bxc3
8.bxc3 Nxc3 9.Qc2 Bxf3 10.gxf3 Qg5+ 11.Kh1 Qh5 12.Rg1 Qxf3+ 13.Rg2 f5 14.Qxc3
Qd1+ 15.Rg1 Qf3+ { = } ) 8.Qc2 Bxc3 9.bxc3 O-O 10.Rb1 c5 11.a4 { ! } 11...Qc7
12.a5 { ! } 12...d6 13.Nd2 ( 13.Ne1 Nd7 14.f3 Nef6 15.d5 g6 { ! } ) 13...Nxd2
14.Bxd2 Nd7 15.Rb2 bxa5 { ! } 16.Ra1 Nb6 17.Rxa5 Be4 { !! } ( 17...Nxc4
18.Bxc4 Qxa5 19.Rxb7 ) 18.Bxe4 fxe4 19.Qb3 ( 19.Qxe4 Nxc4 20.Qxe6+ Qf7 )
19...Nxc4 20.Qxc4 Qxa5 21.Qxe6+ Kh8 22.Ra2 Qc7 23.Qxe4 Qf7 {#R} 0-1

[Event "Olympiad"]
[Site "masterchessopen.com Leipzig (Germany)"]
[Round "10"]
[White "Minev Nikolay N (USA)"]
[Black "Langeweg Kick (NED)"]
[Result "1-0"]
[WhiteElo "2370"]
[BlackElo "2309"]

1.d4 Nf6 2.c4 e6 3.Nc3 Bb4 4.e3 b6 5.Bd3 Bb7 6.Nf3 Ne4 7.Qc2 f5 8.a3 Bxc3+
9.bxc3 O-O 10.O-O c5 11.a4 Qc7 12.Nd2 Nf6 13.f3 Nc6 14.Nb3 cxd4 15.exd4 f4
16.a5 Rae8 17.axb6 axb6 18.c5 g5 19.cxb6 Qxb6 20.Nc5 Ba8 21.Ba3 Rf7 22.Bg6
hxg6 23.Qxg6+ Rg7 24.Qxf6 Rf8 25.Qxf8+ {#r} 1-0

[Event "Zt"]
[Site "masterchessopen.com Praia da Rocha (Italy)"]
[Round "10"]
[White "Durao Joaquim (POR)"]
[Black "Saborido Rafael (ESP)"]
[Result "1-0"]
[WhiteElo "1914"]
[BlackElo "2300"]

1.d4 Nf6 2.c4 e6 3.Nc3 Bb4 4.e3 b6 5.Bd3 Bb7 6.f3 c5 7.Ne2 d5 8.O-O cxd4
9.Qa4+ Bc6 10.Qxb4 dxc3 11.Qxc3 O-O 12.b3 Nbd7 13.Ba3 Re8 14.cxd5 Bxd5 15.Ba6
Qb8 16.Rfd1 Bb7 17.Bd6 Qc8 18.Qxc8 Bxc8 19.Bb5 Bb7 20.Ba3 Bc8 21.Bc6 Ba6
22.Ng3 Rad8 23.e4 e5 24.Nf5 g6 25.Ne3 Kg7 26.Kf2 Bc8 27.g4 h6 28.h4 Nh7
29.Rac1 Nhf8 30.Nd5 Re6 31.Nc7 {#r} 1-0

[Event "Ch DDR"]
[Site "masterchessopen.com Freiberg (Germany)"]
[Round "6"]
[White "Knaak Rainer (GER)"]
[Black "Neukirch Detlef (GER)"]
[Result "0-1"]
[WhiteElo "2482"]
[BlackElo "2267"]

1.d4 Nf6 2.c4 e6 3.Nc3 Bb4 4.e3 b6 5.Bd3 Bb7 6.f3 c5 7.Ne2 cxd4 8.exd4 O-O
9.O-O d5 10.cxd5 Nxd5 11.Nxd5 Bxd5 12.Bf4 Nd7 13.Rc1 Nf6 14.Ba6 Bd6 15.Bxd6
Qxd6 16.Qa4 Rad8 17.Nc3 Ba8 18.Nb5 Qf4 19.Qc2 Nd5 20.Qb3 Qd2 21.Rfe1 Nf4
22.Qc2 Qxc2 23.Rxc2 Nd3 {#R} 0-1

[Event "It"]
[Site "masterchessopen.com Hastings (England)"]
[Round "6"]
[White "Gligoric Svetozar (SRB)"]
[Black "Timman Jan H (NED)"]
[Result "1-0"]
[WhiteElo "2447"]
[BlackElo "2555"]

1.d4 e6 2.c4 Nf6 3.Nc3 Bb4 4.e3 b6 5.Bd3 Bb7 6.Nf3 O-O 7.O-O c5 8.Na4 cxd4
9.exd4 Qc7 10.a3 Be7 11.Nc3 d6 12.Re1 Nbd7 13.d5 e5 14.b4 Rfe8 15.Bb2 g6
16.Nd2 Nh5 17.Nb3 Ng7 18.Rc1 Rac8 19.Nb5 Qb8 20.a4 a6 21.Nc3 Bd8 22.Ba3 f5
23.a5 bxa5 24.bxa5 Nc5 25.Rb1 Nxd3 26.Qxd3 Qc7 27.c5 dxc5 28.Nxc5 Rb8 29.d6
Qc6 30.Qd5+ Qxd5 31.Nxd5 {#r} 1-0

[Event "Ch Europe (team)"]
[Site "masterchessopen.com Kapfenberg (Austria)"]
[Round "0"]
[White "Visier Segovia Fernando (ESP)"]
[Black "Keres Paul (EST)"]
[Result "0-1"]
[WhiteElo "2233"]
[BlackElo "2580"]

1.d4 Nf6 2.c4 e6 3.Nc3 Bb4 4.e3 b6 5.Bd3 c5 6.Nf3 Bb7 7.O-O O-O 8.Na4 cxd4
9.exd4 Bxf3 10.Qxf3 Nc6 11.Rd1 d5 12.Bg5 Be7 13.Rac1 Nb4 14.Bb1 dxc4 15.Bxf6
Bxf6 16.Rxc4 Qe7 17.Nc3 Rad8 18.Be4 a5 19.a3 Na6 20.Qh5 g6 21.Qb5 Qa7 22.Na4
Rd6 23.Bc6 Rfd8 24.d5 exd5 25.Rc2 d4 26.Nxb6 Rb8 {#R} 0-1

[Event "Ch World (students)"]
[Site "masterchessopen.com Graz (Austria)"]
[Round "4"]
[White "Anikaev Yuri N (RUS)"]
[Black "Mammola Dino"]
[Result "1-0"]
[WhiteElo "2475"]
[BlackElo "2200"]

1.d4 Nf6 2.c4 e6 3.Nc3 Bb4 4.e3 b6 5.Bd3 Bb7 6.f3 c5 7.a3 cxd4 8.axb4 dxc3
9.bxc3 O-O 10.Ne2 Nc6 11.b5 Ne5 12.Ba3 d6 13.Bxd6 Nxd3+ 14.Qxd3 Ne8 15.Rd1
Nxd6 16.Qxd6 Qxd6 17.Rxd6 Rfd8 18.Rxd8+ Rxd8 19.Kf2 a5 20.Ra1 Rd2 21.Ke1 Rd6
22.c5 bxc5 23.c4 Kf8 24.Rxa5 Ke7 25.Ra7 Rd7 26.Nc1 Kd6 27.Nb3 Bc8 28.Ra8 Bb7
29.Rb8 {#r} 1-0

[Event "It (cat.10)"]
[Site "masterchessopen.com Teeside (England)"]
[Round "1"]
[White "Gligoric Svetozar (SRB)"]
[Black "Cafferty Bernard (ENG)"]
[Result "1-0"]
[WhiteElo "2575"]
[BlackElo "2127"]

1.d4 Nf6 2.c4 e6 3.Nc3 Bb4 4.e3 b6 5.Bd3 Bb7 6.Nf3 Ne4 7.O-O Bxc3 8.bxc3 f5
9.d5 Nc5 10.Ba3 Nba6 11.Bc2 O-O 12.Nd4 Rf6 13.f3 Rh6 14.Qe2 Qf6 15.Rae1 Re8
16.Bc1 g5 17.g4 exd5 18.Nxf5 Rg6 19.cxd5 Bxd5 20.c4 Bf7 21.Nd4 Nb4 22.Bb1 Rg7
23.Bb2 Qd8 24.Qd2 a5 25.Nf5 Rg6 26.Qd4 {#r} 1-0

[Event "corr."]
[Site "masterchessopen.com DDR"]
[Round "0"]
[White "Hesselbarth Karlheinz (GER)"]
[Black "Trautmann Klaus (GER)"]
[Result "1-0"]
[WhiteElo "1808"]
[BlackElo "2058"]

1.d4 Nf6 2.c4 e6 3.Nc3 Bb4 4.e3 b6 5.Bd3 Bb7 6.Nf3 Ne4 7.Qc2 f5 8.O-O Bxc3
9.bxc3 O-O 10.Nd2 Qh4 11.f3 Nxd2 12.Bxd2 Nc6 13.Rae1 Rf6 14.e4 f4 15.Re2 e5
16.d5 Nd8 17.c5 d6 18.cxd6 Rxd6 19.Qa4 Qh5 20.Bb5 a6 21.Be8 Qg5 22.c4 c5
23.Rb1 Kf8 24.Bc3 Qe7 25.Bh5 Bc8 26.Reb2 Bd7 27.Qa3 Rb8 28.Qxa6 {#r} 1-0

[Event "It"]
[Site "masterchessopen.com Lanzarote (Spain)"]
[Round "8"]
[White "Visier Segovia Fernando (ESP)"]
[Black "Fernandez Angel Luis (CUB)"]
[Result "1-0"]
[WhiteElo "2345"]
[BlackElo "2116"]

1.d4 Nf6 2.c4 e6 3.Nc3 Bb4 4.e3 b6 5.Bd3 Bb7 6.Nf3 Ne4 7.O-O f5 8.d5 Bxc3
9.bxc3 exd5 10.cxd5 Nxc3 11.Qc2 Nxd5 12.Bxf5 Nb4 13.Qb1 Bxf3 14.gxf3 Qh4 15.f4
O-O 16.Bb2 Qh5 17.Be4 d5 18.Bg2 a5 19.a3 N4c6 20.Qd1 Rf5 21.Qxh5 Rxh5 22.Be5
Rxe5 23.fxe5 Ne7 24.Rfd1 c6 25.e4 Nd7 26.exd5 cxd5 27.Bxd5+ Nxd5 28.Rxd5 Nc5
29.Rb1 Na4 30.Rb3 {#r} 1-0

[Event "?"]
[Site "masterchessopen.com URS"]
[Round "0"]
[White "Danilov Ilie Vladimir (ROM)"]
[Black "Murey Jacob (ISR)"]
[Result "0-1"]
[WhiteElo "2441"]
[BlackElo "2429"]

1.d4 Nf6 2.c4 e6 3.Nc3 Bb4 4.e3 b6 5.Bd3 Bb7 6.f3 d5 7.a3 Bd6 8.b4 dxc4 9.Bxc4
Ng4 10.g3 a5 11.b5 h5 12.Qc2 h4 13.Qg2 Qf6 14.Nce2 h3 15.Qf1 Nd7 16.Ra2 O-O-O
17.e4 Nde5 18.Nf4 Nxc4 19.Qxc4 g5 20.Nfxh3 Nxh2 21.Rhxh2 Bxg3+ 22.Rhf2 g4
23.Bg5 gxh3 24.Bxf6 h2 25.Kf1 Bxf2 26.Rxf2 h1=Q 27.Rc2 Rd7 28.Bxh8 Qxh8 29.Ne2
Qh6 30.Kf2 Re7 31.Nc3 Qh2+ {#R} 0-1

[Event "Tournament"]
[Site "masterchessopen.com Italy"]
[Round "0"]
[White "Trincardi Tullio (ITA)"]
[Black "Giustolisi Alberto (ITA)"]
[Result "0-1"]
[WhiteElo "2235"]
[BlackElo "2270"]

1.d4 Nf6 2.c4 e6 3.Nc3 Bb4 4.e3 b6 5.Bd3 Bb7 6.Nf3 c5 7.O-O Bxc3 8.bxc3 O-O
9.Qc2 d5 10.Ba3 Nbd7 11.cxd5 exd5 12.Ne5 Nxe5 13.dxe5 Ng4 14.Bxh7+ Kh8 15.Bf5
Nxe5 16.f4 Nc4 17.Rf3 g6 18.Bxg6 fxg6 19.Qxg6 Qh4 20.Qd3 Rg8 21.Kf1 d4 {#R}
0-1

[Event "Tournament (team)"]
[Site "masterchessopen.com Lucca (Italy)"]
[Round "0"]
[White "Cappello Renato (ITA)"]
[Black "Tatai Stefano (ITA)"]
[Result "0-1"]
[WhiteElo "2410"]
[BlackElo "2367"]

1.d4 Nf6 2.c4 e6 3.Nc3 Bb4 4.e3 b6 5.Bd3 Bb7 6.Nf3 Ne4 7.Qc2 f5 8.O-O Bxc3
9.bxc3 O-O 10.Ne1 Nc6 11.f3 Nf6 12.e4 fxe4 13.fxe4 e5 14.Nf3 Qe7 15.a4 d6
16.Ba3 Nd7 17.Rad1 Kh8 18.Qf2 Rf7 19.Qg3 Raf8 20.h4 Re8 21.h5 Nf6 22.h6 gxh6
23.Qh4 Ng8 24.Qh2 Rf4 25.dxe5 Rxf3 26.Rxf3 Nxe5 27.Rf4 Qg5 28.Bc1 Nxd3 29.Rxd3
Rxe4 30.Rf1 Qc5+ 31.Kh1 Qxc4 32.Qg3 Rg4 {#R} 0-1

[Event "?"]
[Site "masterchessopen.com URS"]
[Round "0"]
[White "Podgaets Mikhail (UKR)"]
[Black "Tukmakov Vladimir B (UKR)"]
[Result "1-0"]
[WhiteElo "2465"]
[BlackElo "2540"]

1.d4 Nf6 2.c4 e6 3.Nc3 Bb4 4.e3 b6 5.Bd3 Bb7 6.Nf3 c5 7.O-O O-O 8.Na4 cxd4
9.a3 Be7 10.exd4 Qc7 11.Re1 d5 12.b3 Nc6 13.Nc3 Rfd8 14.Bb2 dxc4 15.bxc4 g6
16.Bf1 Na5 17.Ne5 a6 18.Rc1 Bd6 19.Na4 Ne4 20.Ng4 f5 21.d5 Bf4 22.Rxe4 fxe4
23.g3 Bxc1 24.Qxc1 exd5 25.Nf6+ Kf7 26.Qh6 Rg8 27.Nxd5 Qd6 28.Qxh7+ Kf8 29.Bc3
{#r} 1-0

[Event "It (open) \"]
[Site "masterchessopen.com Netherlands"]
[Round "0"]
[White "Langeweg Kick (NED)"]
[Black "Timman Jan H (NED)"]
[Result "0-1"]
[WhiteElo "2425"]
[BlackElo "2600"]

1.d4 Nf6 2.c4 e6 3.Nc3 Bb4 4.e3 b6 5.Bd3 Bb7 6.Nf3 Ne4 7.O-O Bxc3 8.bxc3 f5
9.d5 Na6 10.Nd4 Nac5 11.Bxe4 fxe4 12.Qh5+ g6 13.Qe5 O-O 14.Ba3 exd5 15.cxd5 d6
16.Qg5 Qxg5 {#R} 0-1

[Event "It (cat.4)"]
[Site "masterchessopen.com Buenos Aires (Argentina)"]
[Round "0"]
[White "Belistri Ubaldo (URU)"]
[Black "Agnolin Diaz Antonio (ARG)"]
[Result "1-0"]
[WhiteElo "2051"]
[BlackElo "2220"]

1.d4 Nf6 2.c4 e6 3.Nc3 Bb4 4.e3 b6 5.Bd3 Bb7 6.Nf3 Ne4 7.Bxe4 Bxe4 8.O-O Bxc3
9.bxc3 O-O 10.Nd2 Bb7 11.e4 f5 12.e5 Qg5 13.Nf3 Qg4 14.Ba3 Rf7 15.d5 Qxc4
16.dxe6 Qxe6 17.Ng5 Qg6 18.e6 Rf6 19.e7 d6 20.Qb3+ Kh8 21.Nf7+ Qxf7 22.Qxf7
Nd7 23.e8=Q+ Rxe8 24.Qxe8+ Nf8 {#r} 1-0

[Event "Ch Denmark (corr.)"]
[Site "masterchessopen.com corr."]
[Round "0"]
[White "From Sigfred (DEN)"]
[Black "Sorensen Henrik (DEN)"]
[Result "1-0"]
[WhiteElo "2195"]
[BlackElo "2151"]

1.d4 Nf6 2.c4 e6 3.Nc3 Bb4 4.e3 b6 5.Bd3 Bb7 6.Nf3 Ne4 7.O-O f5 8.d5 Bxc3
9.bxc3 Na6 10.Ba3 Nec5 11.Nd4 O-O 12.Qc2 d6 13.f4 Qf6 14.g4 Qh4 15.gxf5 exd5
16.cxd5 Bxd5 17.e4 Bb7 18.Rae1 d5 19.e5 Qg4+ 20.Kh1 Nxd3 21.Qxd3 c5 22.f6 cxd4
23.Rg1 Qh4 24.Rxg7+ Kh8 25.Reg1 Rg8 26.Qf5 {#r} 1-0

[Event "Ch Wales"]
[Site "masterchessopen.com Wales"]
[Round "2"]
[White "Cooper John G (WLS)"]
[Black "Hutchings Stuart J (WLS)"]
[Result "0-1"]
[WhiteElo "2351"]
[BlackElo "2325"]

1.d4 Nf6 2.c4 e6 3.Nc3 Bb4 4.e3 b6 5.Bd3 Bb7 6.Nf3 Ne4 7.O-O f5 8.Ne5 O-O
9.Nxe4 fxe4 10.Bc2 Qh4 11.c5 d6 12.a3 Bxc5 13.dxc5 dxe5 14.b4 Bd5 15.Bb2 Nd7
16.c6 Bxc6 17.Bb3 Rf6 18.Rc1 Bb5 19.Bc4 Rh6 20.h3 Rg6 21.Kh1 Rf8 {#R} 0-1

[Event "It (open)"]
[Site "masterchessopen.com Edmonton (Canada)"]
[Round "6"]
[White "Yanofsky D A (CAN)"]
[Black "Gentes Kevin (CAN)"]
[Result "0-1"]
[WhiteElo "2410"]
[BlackElo "2266"]

1.d4 Nf6 2.c4 e6 3.Nc3 Bb4 4.e3 b6 5.Bd3 Bb7 6.Nf3 Ne4 7.Qc2 f5 8.a3 Bxc3+
9.bxc3 O-O 10.O-O Rf6 11.Nd2 Rh6 12.g3 Qh4 13.Nf3 Ng5 14.gxh4 Nxf3+ 15.Kh1
Rxh4 16.h3 Nxd4+ 17.Kh2 Nxc2 18.Bxc2 Rxc4 19.Bb2 Rh4 20.Rg1 Rh6 21.Rad1 d6
22.Bb3 Nd7 23.Rg5 Nc5 24.Ba2 Bf3 25.Rdg1 Bg4 {#R} 0-1

[Event "Bundesliga (2nd) West 1986/87"]
[Site "masterchessopen.com Germany"]
[Round "5"]
[White "Weisshaupt Rainer (GER)"]
[Black "Lohmeier Horst (GER)"]
[Result "0-1"]
[WhiteElo "2154"]
[BlackElo "2182"]

1.d4 Nf6 2.c4 e6 3.Nc3 Bb4 4.e3 b6 5.Bd3 Bb7 6.Nf3 Ne4 7.O-O f5 8.Qc2 Bxc3
9.bxc3 O-O 10.Nd2 Qh4 11.g3 Nxd2 12.Qxd2 Qg4 13.f4 d6 14.c5 dxc5 15.Bc4 Bd5
16.Bxd5 exd5 17.dxc5 c6 18.c4 Rd8 19.Ba3 Na6 20.cxb6 axb6 21.Rad1 Nc5 22.Bxc5
bxc5 23.Qc2 d4 24.exd4 cxd4 25.c5 h5 26.Rd3 h4 27.Rb1 Re8 28.Kf1 Re3 29.Rbb3
Qf3+ 30.Qf2 Qh1+ {#R} 0-1

[Event "It \"]
[Site "masterchessopen.com New York (USA)"]
[Round "0"]
[White "Donaldson John W (USA)"]
[Black "Shahade Michael (USA)"]
[Result "1-0"]
[WhiteElo "2420"]
[BlackElo "2249"]

1.d4 Nf6 2.c4 e6 3.Nc3 Bb4 4.e3 b6 5.Bd3 Bb7 6.Nf3 Ne4 7.O-O f5 8.Qc2 Nxc3
9.bxc3 Bxf3 10.gxf3 Qg5+ 11.Kh1 Bd6 12.f4 Qh6 13.Rg1 O-O 14.Bd2 Nc6 15.Rg3 Rf7
16.Rag1 Raf8 17.f3 Ne7 18.Be1 Nc8 19.Qg2 Qf6 20.Rh3 Qd8 21.e4 g6 22.exf5 exf5
23.c5 Bxf4 24.Bc4 d5 25.cxd6 Nxd6 26.Qxg6+ Kh8 27.Bxf7 Rxf7 28.Bh4 hxg6
29.Bf6+ {#r} 1-0

[Event "It (w)"]
[Site "masterchessopen.com Naleczow (Poland)"]
[Round "3"]
[White "Kaczorowska Barbara (POL)"]
[Black "Fatalibekova Elena (RUS)"]
[Result "0-1"]
[WhiteElo "2150"]
[BlackElo "2285"]

1.d4 Nf6 2.c4 e6 3.Nc3 Bb4 4.e3 b6 5.Bd3 Bb7 6.f3 d5 7.Ne2 O-O 8.O-O Nbd7 9.e4
dxe4 10.fxe4 e5 11.d5 Bc8 12.Bg5 Be7 13.Ng3 Nxd5 14.Nxd5 Bxg5 15.Qf3 c6 16.Ne3
Nc5 {#R} 0-1

[Event "It (b)"]
[Site "masterchessopen.com Dortmund (Germany)"]
[Round "0"]
[White "Konikowski Jerzy (GER)"]
[Black "Zsinka Laszlo (HUN)"]
[Result "0-1"]
[WhiteElo "2325"]
[BlackElo "2395"]

1.d4 Nf6 2.c4 e6 3.Nc3 Bb4 4.e3 b6 5.Bd3 Bb7 6.f3 c5 7.Ne2 O-O 8.O-O d5 9.cxd5
cxd4 10.exd4 Nxd5 11.a3 Be7 12.Be4 Nc6 13.f4 Nxd4 14.Nxd4 Nxc3 15.Bxh7+ Kxh7
16.bxc3 Rc8 17.f5 Rxc3 18.Bb2 Qd5 19.Qh5+ Kg8 20.Nf3 Rc4 21.Rae1 Bc5+ 22.Kh1
Qxf5 23.Ng5 Rg4 {#R} 0-1

[Event "It \"]
[Site "masterchessopen.com London (England)"]
[Round "0"]
[White "Cooper Lawrence (ENG)"]
[Black "Ivanov Igor V (CAN)"]
[Result "0-1"]
[WhiteElo "2317"]
[BlackElo "2424"]

1.d4 Nf6 2.c4 e6 3.Nc3 Bb4 4.e3 b6 5.Bd3 Bb7 6.Nf3 Ne4 7.Qc2 f5 8.Bd2 Nxd2
9.Qxd2 O-O 10.a3 Bxc3 11.Qxc3 d6 12.O-O-O Nd7 13.h4 Qe7 14.Qc2 Nf6 15.Rdg1 c5
16.Kb1 Rac8 17.Ka1 b5 18.dxc5 Rxc5 19.Qe2 bxc4 20.Bxc4 Rfc8 21.Bb3 Bd5 22.Bxd5
Nxd5 23.Nd4 Qb7 24.Rb1 Nb4 25.Qd2 a5 26.Nb3 Rd5 27.Nxa5 Rxa5 28.Qxd6 Ra6
29.Qe5 Nc2+ 30.Ka2 Nxa3 31.bxa3 Rxa3+ {#R} 0-1

[Event "It \"]
[Site "masterchessopen.com New York (USA)"]
[Round "0"]
[White "Benjamin Joel (USA)"]
[Black "Gliksman David N (USA)"]
[Result "1-0"]
[WhiteElo "2575"]
[BlackElo "2339"]

1.d4 Nf6 2.c4 e6 3.Nc3 Bb4 4.e3 b6 5.Bd3 Bb7 6.Nf3 O-O 7.O-O c5 8.Na4 cxd4
9.exd4 Be7 10.a3 Be4 11.Bxe4 Nxe4 12.d5 Na6 13.Qe2 Nac5 14.Nxc5 Nxc5 15.Be3
Bf6 16.Rad1 Qc8 17.Qc2 Qa6 18.Bg5 Qa4 19.Qb1 Qxc4 20.Bxf6 gxf6 21.Rd4 Qb3
22.Qc1 f5 23.Qg5+ Kh8 24.Qf6+ Kg8 25.Ng5 Qc2 26.Nxh7 {#r} 1-0

[Event "Ch Australia"]
[Site "masterchessopen.com Gosford (Australia)"]
[Round "5"]
[White "Harrison Kevin (AUS)"]
[Black "Fell Lloyd (AUS)"]
[Result "0-1"]
[WhiteElo "2225"]
[BlackElo "1931"]

1.d4 Nf6 2.c4 e6 3.Nc3 Bb4 4.e3 b6 5.Bd3 Bb7 6.Nf3 Ne4 7.Qc2 Bxc3+ 8.bxc3 f5
9.Ba3 d6 10.O-O O-O 11.Nd2 Qh4 12.f3 Nxd2 13.Qxd2 c5 14.Rab1 Nd7 15.Qc2 Qg5
16.Bc1 Qf6 17.Bd2 Rac8 18.Qa4 Bc6 19.Qxa7 e5 20.Qa3 exd4 21.exd4 cxd4 22.Bf4
Nc5 23.Rfd1 Ba4 24.Be2 Bxd1 25.Rxd1 Ra8 26.Qb4 Rxa2 27.Bf1 d3 28.Bxd3 g5
29.Bg3 Nxd3 30.Rxd3 Ra1+ {#R} 0-1

[Event "It (open)"]
[Site "masterchessopen.com London (England)"]
[Round "0"]
[White "Wilder Michael (USA)"]
[Black "Ward Christopher (ENG)"]
[Result "1-0"]
[WhiteElo "2505"]
[BlackElo "2325"]

1.d4 Nf6 2.c4 e6 3.Nc3 Bb4 4.e3 b6 5.Bd3 Bb7 6.Nf3 Ne4 7.O-O f5 8.d5 Bxc3
9.bxc3 Na6 10.Ba3 Nac5 11.Bxe4 fxe4 12.Nd2 exd5 13.Qh5+ g6 14.Qe5+ Kf7 15.Bxc5
bxc5 16.Rab1 Ba6 17.Qxd5+ Kg7 18.Qxc5 Re8 19.Qd4+ Kg8 20.Nxe4 Re6 21.Rfd1 Qe7
22.f3 d6 23.Qd5 Re8 24.c5 c6 25.Qxc6 dxc5 26.Qd7 Qh4 27.Rb8 {#r} 1-0

[Event "It \"]
[Site "masterchessopen.com Philadelphia (USA)"]
[Round "0"]
[White "Gulko Boris F (USA)"]
[Black "Rizzitano James (USA)"]
[Result "1-0"]
[WhiteElo "2590"]
[BlackElo "2310"]

1.d4 Nf6 2.c4 e6 3.Nc3 Bb4 4.e3 b6 5.Bd3 Bb7 6.Nf3 Ne4 7.O-O f5 8.Ne5 O-O
9.Ne2 Nc6 10.Bxe4 fxe4 11.Nxc6 Bxc6 12.c5 bxc5 13.a3 cxd4 14.axb4 d3 15.Ng3 d5
16.Bd2 e5 17.Qh5 Qe7 18.Bc3 Rfe8 19.f4 exf4 {#r} 1-0

[Event "Ch Romania"]
[Site "masterchessopen.com Predeal (Romania)"]
[Round "0"]
[White "Nicolaide Valeriu (ROM)"]
[Black "Foisor Ovidiu Doru (ROM)"]
[Result "0-1"]
[WhiteElo "2355"]
[BlackElo "2381"]

1.d4 Nf6 2.c4 e6 3.Nc3 Bb4 4.e3 b6 5.Bd3 Bb7 6.Nf3 Ne4 7.Qc2 f5 8.O-O Bxc3
9.bxc3 O-O 10.Nd2 Qh4 11.Ba3 Nxd2 12.Qxd2 Rf6 13.f3 Rh6 14.g3 Qg5 15.c5 Nc6
16.Rae1 Ne7 17.Qc2 Qf6 18.Re2 Bc6 19.e4 f4 20.gxf4 Ng6 21.e5 Qh4 22.f5 Nf4
23.Re4 exf5 24.Ree1 Nxd3 {#R} 0-1

[Event "It (open)"]
[Site "masterchessopen.com Wiesbaden (Germany)"]
[Round "4"]
[White "Rapp Ralf (GER)"]
[Black "Fischer Michael (GER)"]
[Result "1-0"]
[WhiteElo "2255"]
[BlackElo "2108"]

1.d4 Nf6 2.c4 e6 3.Nc3 Bb4 4.e3 b6 5.Bd3 Bb7 6.Nf3 O-O 7.O-O Bxc3 8.bxc3 Ne4
9.Ne1 f5 10.f3 Nf6 11.Qe2 d6 12.Nc2 Nc6 13.e4 fxe4 14.fxe4 e5 15.Bg5 h6 16.Bh4
g5 17.Bg3 Qe8 18.Ne3 Bc8 19.Nd5 Nxd5 20.exd5 Ne7 21.dxe5 dxe5 22.Qxe5 Bg4
23.Rae1 Rxf1+ 24.Bxf1 Kf7 25.Qxc7 Qd7 26.Qe5 Ng6 27.Qd4 Re8 28.Rxe8 Kxe8 29.c5
bxc5 30.Qxc5 Ne7 31.Bb5 {#r} 1-0

[Event "It \"]
[Site "masterchessopen.com New York (USA)"]
[Round "0"]
[White "Pupols Viktors (USA)"]
[Black "Rupel David G (USA)"]
[Result "1-0"]
[WhiteElo "2155"]
[BlackElo "2116"]

1.d4 Nf6 2.c4 e6 3.Nc3 Bb4 4.e3 b6 5.Bd3 Bb7 6.Nf3 Ne4 7.O-O f5 8.Qc2 Bxc3
9.bxc3 O-O 10.Ne1 Qh4 11.f3 Nf6 12.Rb1 Nc6 13.c5 Ne7 14.c4 Bc6 15.g3 Qh5 16.e4
fxe4 17.fxe4 d6 18.d5 Bd7 19.c6 Bc8 20.Rb3 e5 21.Be2 Qg6 22.Bf3 Bh3 23.Ng2 h6
24.Re1 Qh7 25.Ne3 Qg6 26.Nd1 Nh7 27.Qe2 Bc8 28.Bh5 {#r} 1-0

[Event "?"]
[Site "masterchessopen.com Chanac (France)"]
[Round "0"]
[White "Marchand Francois (FRA)"]
[Black "Lecuyer Christian (FRA)"]
[Result "0-1"]
[WhiteElo "2249"]
[BlackElo "2182"]

1.d4 Nf6 2.c4 e6 3.Nc3 Bb4 4.e3 b6 5.Bd3 Bb7 6.f3 Nh5 7.Nh3 Qh4+ 8.Nf2 f5
9.Bd2 O-O 10.Nb5 Bxd2+ 11.Qxd2 Na6 12.O-O-O Qe7 13.Rhg1 c6 14.Nc3 c5 15.g4
cxd4 16.exd4 fxg4 17.fxg4 Nf4 18.Be4 Bxe4 19.Nfxe4 Nb4 20.Rg3 d5 21.cxd5 exd5
22.Nf2 Ne2+ 23.Nxe2 Rxf2 24.Re3 Qd6 25.a3 Rc8+ 26.Rc3 Na2+ 27.Kc2 Nxc3 28.bxc3
Re8 29.Re1 Qg6+ 30.Kd1 Qb1+ 31.Qc1 Rfxe2 {#R} 0-1

[Event "It"]
[Site "masterchessopen.com Haringey (England)"]
[Round "0"]
[White "Iclicki Willy (MNC)"]
[Black "Rajkovic Dusan (SRB)"]
[Result "0-1"]
[WhiteElo "2044"]
[BlackElo "2415"]

1.d4 Nf6 2.c4 e6 3.Nc3 Bb4 4.e3 b6 5.Bd3 Bb7 6.f3 c5 7.a3 cxd4 8.axb4 dxc3
9.bxc3 d5 10.cxd5 exd5 11.Ne2 O-O 12.O-O Nc6 13.Bc2 Qc7 14.Nd4 Ne5 15.Qe1 Rfe8
16.e4 dxe4 17.fxe4 Nxe4 18.Ba4 Re7 19.Nb5 Qc4 20.Qh4 Re6 21.Rd1 Ng6 22.Rd8+
Rxd8 23.Qxd8+ Nf8 24.Qd4 Qe2 25.Be3 Nxc3 26.Bf2 Rg6 27.g3 Qf3 {#R} 0-1

[Event "Ch Great Britain"]
[Site "masterchessopen.com Eastbourne (Great Britain)"]
[Round "0"]
[White "Marsh Roger DW (ENG)"]
[Black "Carton Patrick (IRL)"]
[Result "0-1"]
[WhiteElo "2010"]
[BlackElo "2189"]

1.d4 Nf6 2.c4 e6 3.Nc3 Bb4 4.e3 b6 5.Bd3 Bb7 6.f3 c5 7.Ne2 Nc6 8.a3 Bxc3+
9.bxc3 Rc8 10.O-O Na5 11.e4 cxd4 12.e5 Ng8 13.Nxd4 Qc7 14.Qe2 a6 15.Rb1 Ne7
16.f4 Nxc4 17.f5 Nd5 18.fxe6 dxe6 19.Qf2 Nxe5 20.Be2 Nxc3 21.Bf4 O-O 22.Qe3
Qc4 23.Bxe5 f6 24.Rxf6 gxf6 25.Qg3+ Kh8 {#R} 0-1

[Event "It"]
[Site "masterchessopen.com Leningrad (Russia)"]
[Round "0"]
[White "Agrest Evgenij (SWE)"]
[Black "Emms John M (ENG)"]
[Result "1-0"]
[WhiteElo "2599"]
[BlackElo "2430"]

1.d4 Nf6 2.c4 e6 3.Nc3 Bb4 4.e3 b6 5.Bd3 Bb7 6.Ne2 Bxg2 7.Rg1 Be4 8.a3 Bxc3+
9.Nxc3 d5 10.Bxe4 Nxe4 11.Nxe4 dxe4 12.Qg4 Nd7 13.Qxe4 O-O 14.Bd2 c5 15.Bc3
cxd4 16.Bxd4 g6 17.Rd1 Qc7 18.Bc3 Rad8 19.Ke2 Rfe8 20.Qh4 e5 21.Rd5 f6 22.Rgd1
Kg7 23.b3 g5 24.Qg4 Nc5 25.Bxe5 {#r} 1-0